000 00436nam a2200157Ia 4500
008 210716s1994 xx 000 0 und d
020 _a0801613035
041 _aeng
082 _a658.83 DILW
100 _aDillon, William R;Madden, Thomas J;Firtle, Neil H.
245 _aMarketing reserach in a marketing environment.
250 _a1
260 _aLondon
_bIrwin
_c1994
300 _axxviii,742,I-15
650 _aMarketing Research
999 _c206059
_d206059